UCL Teams 25/26 - Statistics

General Stats
  • This quiz has been taken 39 times
  • The average score is 25 of 36
Answer Stats
Country Ever Won Before? Answer % Correct
Netherlands Yes (4) Ajax
97%
Spain No Atletico Madrid
91%
Spain Yes (6) Barcelona
91%
England Yes (1) Manchester City
91%
Spain Yes (15) Real Madrid
91%
England No Arsenal
86%
Germany Yes (6) Bayern Munich
86%
England Yes (2) Chelsea
86%
England Yes (6) Liverpool
86%
Italy Yes (3) Inter Milan
83%
Portugal Yes (2) Benfica
77%
Italy No Napoli
77%
England No Newcastle
77%
France Yes (1) PSG
77%
Netherlands Yes (1) PSV
77%
Germany Yes (1) Dortmund
74%
Italy Yes (2) Juventus
74%
England No Tottenham
71%
Norway No Bodo/Glimt
69%
Turkiye No Galatasaray
69%
Germany No Leverkusen
69%
France Yes (1) Marseille
69%
Italy No Atalanta
66%
France No Monaco
63%
Greece No Olympiacos
63%
Spain No Villarreal
63%
Kazakhstan No Kairat
57%
Cyprus No Pafos
57%
Azerbaijan No Qarabag
57%
Belgium No Club Brugge
51%
Portugal No Sporting Lisbon
51%
Denmark No Copenhagen
49%
Germany No Frankfurt
49%
Czechia No Slavia Praha
43%
Belgium No USG
26%
Spain No Athletic Club Bilbao
17%
No matching quizzes found
Score Distribution
Percent of People with Each Score
Percentile by Number Answered
Your Score History
You have not taken this quiz